000 00284 a2200097 4500
000 nam a22 7a 4500
020 _a9780300254747
100 _aDodgson, Mark
245 _aThe playful entrepreneur : how to adapt and thrive in uncertain times
260 _bYale University Press,
_c2021.
999 _c85509
_d85509